000 00576nam 22002173 4500
001 200138
010 _a972-662-930-6
021 _aPT
_b199893/2003
090 _a200138
100 _a20260122d u||y0pory50 ba
200 _aLicença para sonhar
_eLa vie en rose
_fum cartoon de Pat Brad
205 _a
210 _aLisboa
_cGradiva
_d2003
215 _a128 p.
_cil. ; brochado
_d22 cm
606 _91586
_aDesenho Artístico
610 _aBanda Desenhada
675 _a74
_vPT
_zpor
700 _915953
_aBrady
_bPat
801 _aPT
_bBMMN
_gRPC
830 _cIsabel
990 _cLIVROS